000
00215 a2200097 4500
001
25378
100
_a
Hutchings, D
245
_a
Towards More Creative Science
260
_a
_b
Pergamon
_c
1966
090
_c
17130
_d
17130
942
_a
NUST-CAE
_c
M
_c
7926
999
_c
260451
_d
260451